00382 a2200145 450000500170000002000180001708200140003510000170004924500310006625000130009726000450011030000420015570000200019770000190021720250618112302.0 a9788125900474 a543.8 DAV aDAVAR, S. R. aSalesmanship and Publicity a16th Ed. aNew DelhibVikas Publishing Housec2009. axxiii,422p.:ill.;figuresbIndexc21cm aSohrab R. Davar aNusli R. Davar